Transportation: A Global Supply Chain Perspective. (Record no. 3605)

MARC details
005 - DATE AND TIME OF LATEST TRANSACTION
control field 20250610123146.0
020 ## - INTERNATIONAL STANDARD BOOK NUMBER
International Standard Book Number 978-1-337-40664-2
082 ## - DEWEY DECIMAL CLASSIFICATION NUMBER
Classification number 380.5 NOV
100 ## - MAIN ENTRY--PERSONAL NAME
Author name NOVACK, A, R.
245 ## - TITLE STATEMENT
Title Transportation: A Global Supply Chain Perspective.
250 ## - EDITION STATEMENT
Edition statement 9th Ed
260 ## - PUBLICATION, DISTRIBUTION, ETC.
Place of publication, distribution, etc. Australia,
Name of publisher, distributor, etc. Cengage,
Date of publication, distribution, etc. 2019.
300 ## - PHYSICAL DESCRIPTION
Extent xix, 491p.: ill.; figure, table
Other physical details Glossary & Index
Dimensions 26cm.
700 ## - ADDED ENTRY--PERSONAL NAME
Other authors/Editors GIBSON, B. J.& SUZUKI, Y. & COYLE, J. J.
856 ## - ELECTRONIC LOCATION AND ACCESS
Link text Access Online Book
Electronic name Transportation
Path www.cengagebrain.com.
942 ## - ADDED ENTRY ELEMENTS (KOHA)
Source of classification or shelving scheme Dewey Decimal Classification
Koha item type Books
Holdings
Date last seen Total checkouts Full call number Barcode Cost, replacement price Price effective from Koha item type Lost status Source of classification or shelving scheme Damaged status Not for loan Withdrawn status Home library Current library Shelving location Date acquired Cost, normal purchase price
06/10/2025   380.5 NOV 00000012470 439989.00 06/10/2025 Books   Dewey Decimal Classification       College of Business Education Main Library College of Business Education Main Library Special Reserve Collection 09/17/2024 146663.00
06/10/2025   380.5 NOV 00000012471 439989.00 06/10/2025 Books   Dewey Decimal Classification       College of Business Education Main Library College of Business Education Main Library General Collection 09/17/2024 146663.00
06/10/2025   380.5 NOV 00000012472 439989.00 06/10/2025 Books   Dewey Decimal Classification       College of Business Education Main Library College of Business Education Main Library General Collection 09/17/2024 146663.00
06/10/2025   380.5 NOV 00000012473 439989.00 06/10/2025 Books   Dewey Decimal Classification       College of Business Education Main Library College of Business Education Main Library General Collection 09/17/2024 146663.00
06/10/2025   380.5 NOV 00000012474 439989.00 06/10/2025 Books   Dewey Decimal Classification       College of Business Education Main Library College of Business Education Main Library General Collection 09/17/2024 146663.00